000 00712 a2200217 4500
001 63729
005 20260407155936.0
008 260407a1956 arg spa d
003 AR-UNSa-BCEJYS
040 _aAR-UNSa-BCEJYS
_bspa
_cAR-UNSa-BCEJYS
080 _a51-7
_xEstudios y métodos matemáticos en otros campos del conocimiento. Matemáticas científicas. Matemáticas actuariales (Matemáticas Financieras)
245 1 0 _aMathematics of finance
250 _a2a. ed.
264 1 _aNew York :
_bMcGraw-Hill Book Company
_c1956
300 _axi, 372 p.
_c21 cm.
041 _aspa
942 _cBK
590 _aniveau_biblio:m niveau_hierar:0
100 1 _aHummel, Paul M.
700 1 _aSeebeck, Charles L.
999 _c8289
_d8289